Microsoft Visual Basic 6.0 programmer's guide

Αποθηκεύτηκε σε:
Λεπτομέρειες βιβλιογραφικής εγγραφής
Συγγραφή απο Οργανισμό/Αρχή: Microsoft Corporation
Μορφή: Βιβλίο
Γλώσσα:English
Δημοσίευση: Redmond, Washington : Microsoft Press, c1998
Σειρά:Programmer's Guide
Θέματα:
Ετικέτες: Προσθήκη ετικέτας
Δεν υπάρχουν, Καταχωρήστε ετικέτα πρώτοι!

MARC

LEADER 00000nam a2200000 i 4500
001 1/93748
008 000208s1998 eng d
020 |a 1572318635 
035 |l 10054525 
040 |a GR-MY-UA  |b gre  |e aacr 
041 0 |a eng 
082 0 |a 005.268 
245 1 0 |a Microsoft Visual Basic 6.0 programmer's guide /  |c Microsoft Corporation 
260 |a Redmond, Washington :   |b Microsoft Press,   |c c1998 
300 |a xv, 959 p.;  |c 24 cm. 
490 1 |a Programmer's Guide 
504 |a Includes indexes 
630 0 0 |a Microsoft Visual BASIC. 
650 0 0 |a BASIC (Computer program language) 
710 2 |a Microsoft Corporation. 
852 |a INST  |b SAMOS  |e 20000208  |h 005.268 MIC  |p 005300016654  |q 005300016654  |t BK  |y 0 
901 |a BIBL3-2000-1 
909 |a Σ  |b 069732 
922 |a 3ΕΛΗ  |b 199910  |c ΤΠΕΣ  |d ΠΑΠΑΣΩΤΗΡΙΟΥ 
950 |a 133-1999-07-20 
970 |a ΓΕΝΟΥΖΟΥ  |b ΧΡΥΣΑΝΘΗ  |z 2000/02/08